000 00457cam a2200181ua 4500
020 _c2.00
041 _amal
_h
082 _a894.812301
_bKIS/JW
100 _aKishanchand, .
245 _aJwalayum poovum /
_cKishan chand.
_hTextual Documents
250 _a1 /
_b.
260 _aKottayam :
_bSahitya Pravarthaka Co-operative Society ,
_c1963.
300 _a192 ; .
365 _a2.00
504 _a
942 _cBK
999 _c12604
_d12604